Language Quiz

Random Language or Letter Quiz
Score 0/23 Timer 06:00
0 Plays Today
Hint Word % Correct
A form of travel that involves catching free rides from passing vehiclesHitchhiking
91.7%
This medium-sized mammal is known for its long tongue and is sometimes called the 'African ant bear'Aardvark
91.2%
To keep multiple objects in the air at the same time by throwing and catching themJuggle
90.2%
A course after the main course of a mealDessert
90.1%
A panda's favorite foodBamboo
89.7%
The tendon in your heel is named after this Greek heroAchilles
89.7%
In US currency, one centPenny
87.7%
A type of cheese, found often on pizzaMozzarella
86.8%
A course before the main course of a mealAppetizer
86.5%
A crystalline compound found in soda and coffeeCaffeine
84.7%
A leafy green vegetable, usually sold in units of 'heads'Cabbage
84.4%
A volume of space, empty of matterVacuum
75.7%
Hint Word % Correct
An edible flower from the Brassica family of vegetablesBroccoli
72.3%
Advertising in between television shows, that always seem to be louder than the actual showCommercial
72.2%
A voter who is permitted to cast a ballot by mailAbsentee
66.2%
A long, flat type of pasta commonly paired with alfredo sauceFettuccine
60.1%
The annual pilgrimage to Mecca, Saudi ArabiaHajj
58.7%
Shrewdness or intelligenceSavviness
52.5%
A Native American ceremony involving feasting, singing, and dancingPowwow
50.7%
A game in which players try to snap disks into a cup by pressing the edges with larger onesTiddlywinks
49.7%
A type of mushroom native to East AsiaShiitake
43.4%
A ray-finned fish, known for its sharp teeth and scary looksBarracuda
39.3%
An ornamental trinketKnickknack
37%

You're not logged in!

Compare scores with friends on all Sporcle quizzes.
OR
Log In

Sporcle TV

Today on Sporcle TV


Watch our educational content, quiz creation guides, and fun videos on Sporcle TV.

Show Comments

Extras

Top Quizzes Today


Score Distribution

Your Account Isn't Verified!

In order to create a playlist on Sporcle, you need to verify the email address you used during registration. Go to your Sporcle Settings to finish the process.

Report this User

Report this user for behavior that violates our Community Guidelines.

Details: